000 00486cam a2200181ua 4500
001 1156
008 110429n ii |||gr||||Z||||||eng
020 _a01-9566-214-8
040 _cMAIN
082 _a339.01
245 1 _aContemporary macroeconomics.
250 _a1st. /
_bEdited by Amitava Bose, Debraj Ray & Abhirup Sarkar.
260 _aNew Delhi.:
_bOxford.,
_c2002.
300 _a342 p.:
_c25 cm.
653 _aEconomics.
653 _aContemporary microeconomics.
942 _cBK
999 _c1067
_d1067